An essay on method /

Bibliographic Details
Main Author: Kaiser, C. Hillis (Charles Hillis), 1907-
Format: Book
Language:English
Published: New Brunswick : Rutgers University Press, 1952.
Subjects:

MARC

Tag First Indicator Second Indicator Subfields
LEADER 00000cam a2200000 4500
001 in00000061076
005 20151008051057.0
008 741115s1952 eng u
010 |a  52013670  
035 |a (OCoLC)01076952 
035 |9 AAG5548AM 
040 |c CSU  |d TXA  |d UtOrBLW 
049 |a TXAM  |c [213884] 
050 0 0 |a BD241  |b .K3 
082 0 |a 112 
092 |a 112  |b K13e 
100 1 |a Kaiser, C. Hillis  |q (Charles Hillis),  |d 1907- 
245 1 3 |a An essay on method /  |c by C. Hillis Kaiser. 
264 1 |a New Brunswick :  |b Rutgers University Press,  |c 1952. 
300 |a vi, 163 pages ;  |c 23 cm. 
336 |a text  |b txt  |2 rdacontent 
337 |a unmediated  |b n  |2 rdamedia 
338 |a volume  |b nc  |2 rdacarrier 
504 |a Bibliographical footnotes. 
650 0 |a Methodology. 
999 |a MARS 
999 f f |s c9f19b71-c43c-3a16-9233-dd5a60926f3e  |i 87d3d054-5e55-3c8c-96a0-cbfe0cba6eb3  |t 0 
952 f f |p ric  |a Texas A&M University  |b Rellis Campus  |c Joint Library Facility  |d Remote Storage  |t 0  |e BD241 .K3  |h Library of Congress classification  |i unmediated -- volume  |m A14800507041 
998 f f |a BD241 .K3  |t 0  |l Remote Storage